Positivismo y moral interna del derecho /
Contiene: Moral interna del derecho y la existencia de un sistema jurídico: los requisitos de la moral interna del derecho, elementos para la configuración del sistema jurídico, criterios de validez normativa, limitaciones implícitas a la producción normativa. Moral interna del derecho y justicia de...
Zapisane w:
| 1. autor: | |
|---|---|
| Format: | Książka |
| Język: | hiszpański |
| Wydane: |
Madrid, España :
Centro de Estudios Políticos y Constitucionales,
2000, c2000
|
| Hasła przedmiotowe: | |
| Etykiety: |
Nie ma etykietki, Dołącz pierwszą etykiete!
|
MARC
| LEADER | 00000nam^a2200000^a^4500 | ||
|---|---|---|---|
| 001 | 000151120 | ||
| 005 | 20250521000000.0 | ||
| 005 | 20250521000000.0 | ||
| 009 | 20260310100200.518 | ||
| 020 | |a 84-259-1124-9 | ||
| 037 | |a Acervo ITESO - Biblioteca | ||
| 041 | |a ESP | ||
| 082 | |a 340. 112 |b ESC | ||
| 100 | |a Escudero Alday, Rafael |e (autor) | ||
| 245 | 1 | 0 | |a Positivismo y moral interna del derecho / |c R. Escudero Alday ; pról. de Gregorio Peces-Barba. |
| 264 | 4 | |a Madrid, España : |b Centro de Estudios Políticos y Constitucionales, |c 2000, c2000 | |
| 300 | |a 568 p. | ||
| 336 | |a texto |b txt |2 rdacontenido | ||
| 337 | |a sin mediación |b n |2 rdamedio | ||
| 338 | |a volumen |b nc |2 rdasoporte | ||
| 520 | |a Contiene: Moral interna del derecho y la existencia de un sistema jurídico: los requisitos de la moral interna del derecho, elementos para la configuración del sistema jurídico, criterios de validez normativa, limitaciones implícitas a la producción normativa. Moral interna del derecho y justicia de un sistema jurídico: la moralidad de la moral interna del derecho, la moralidad del derecho. | ||
| 649 | |a XX | ||
| 650 | |a Valores | ||
| 650 | |a Derecho y Etica | ||
| 650 | |a Axiología | ||
| 650 | |a Igualdad y Desigualdad | ||
| 650 | |a Derecho - |x Teoría | ||
| 650 | |a Positivismo | ||
| 650 | |a Justicia - |x Administración | ||
| 650 | |a Derecho - |x Filosofía | ||
| 650 | |a Etica | ||
| 910 | |a Fondo General | ||
| 920 | |a Impresos - Libros | ||
| 930 | |a Colección General | ||
| 905 | |a 101 | ||
| 901 | |a 0500080234 |b IT1 |c ACC |u 20250521 | ||
| 902 | |a https://opac.biblio.iteso.mx/vufind/Record/000151120 | ||